عرض عادي
عرض مارك
- Diu, Bernard,
مدخل إسم شخص
001 - رقم الضبط
- حقل الضبط: 57687
003 - معرف رقم الضبط
- حقل الضبط: OSt
005 - تاريخ ووقت أخر عملية
- حقل الضبط: 20170424104217.0
008 - عناصر بيانات ثابتة الطول
- حقل تحكم ثابت الطول: 170424|| aca||aabn | a|a d
040 ## - مصدر الفهرسة
- هيئة الفهرسة الأصلية: OSt
- وكالة الكتابة: OSt
100 ## - مدخل -- أسم شخص
- إسم شخص: Diu, Bernard,
- مصطلح الرابط: joint author.
670 ## - بيانات المصدر موجوده
- الاستشهاد بالمصدر: Work cat.: (OSt)0: Cohen-Tannoudji, Claude, 1933- 57685, Quantum mechanics /, c1977.
